000 00483 a2200169 4500
003 OSt
005 20240109153935.0
008 240109b |||||||| |||| 00| 0 eng d
020 _a9789380442112
040 _coclc
082 _a281
_bAKB/C
100 _aAkbar, M M
_92026
245 _aKraisthava daivasankalpam midhyayum yadharthyavum /
_cM M Akbar
260 _aKerala:
_bDa'wa books,
_c2010.
300 _a85p
942 _2ddc
_cBK
_h281
_iAKB/K
_k281
_mAKB/K
999 _c43095
_d43095